01462nam a2200325 a 4500001001000000003000500010005001700015008004100032010001100073011001100084040000900095090001000104100004800114245019200162260004100354500006000395502010300455590004000558590004000598650004400638650003300682650003300715856007000748901000700818942001000825942000600835999001900841952013600860952014000996000112525CHAP20220329144311.0160609s2016 mx sm |||||||spa d a108986 a109958 cCHAP aTesis1 aRendón Espíritu, Miguel Ángel913086310aAnálisis de la producción y comercialización de la flor de jamaica (Hibiscus sabdariffa L.) producida en el Estado de Guerreroh[En línea]cpor Miguel Ángel Rendón Espíritu. aChapingo, Méx. :bEl autor,c2016. aPara ver el contenido del material haga clic en la liga aTesis (Lic. en Comercio Internacional) -- UACH. División de Ciencias Económico Administrativas aE5765TAJb05c20160609lUCH01h1127 aE5765TAJb05c20160609lUCH01h112814aJamaicaxAspectos económicos.913086414aJamaicaxFloración.96099314aJamaicaxRendimiento.961001 aFinding aiduhttp://10.13.5.2/tesis/sist112525.pdfzTeclea aquí aBK cTESIS n0 c108986d108986 00104054718TESISaBCbBCd2016-06-09fTESISl0oTesisp33724002523033r2019-12-31 00:00:00w2019-12-31yTESISzRecien adquirido 00102local4053708TESISaBCbBCcPA_TESISd2016-06-09fTESISl0oTesisp33724002523074r2019-12-31 00:00:00tc.2w2019-12-31yTESIS